A home of their own (Record no. 72968)

MARC details
000 -LEADER
fixed length control field 01088cam a2200205 4500
001 - CONTROL NUMBER
control field ABS66848
008 - FIXED-LENGTH DATA ELEMENTS--GENERAL INFORMATION
fixed length control field 030701n2003 000 0 eng u
035 ## - SYSTEM CONTROL NUMBER
System control number (Sirsi) u122843
100 ## - MAIN ENTRY--PERSONAL NAME
Personal name Durham, M.
245 #2 - TITLE STATEMENT
Title A home of their own
260 ## - PUBLICATION, DISTRIBUTION, ETC.
Date of publication, distribution, etc. 2003
490 ## - SERIES STATEMENT
Series statement Countryside Voice
Volume/sequential designation Summer 2003, 24-7(4)
520 ## - SUMMARY, ETC.
Summary, etc. Examines how good house planning can enhance and benefit rural communities, discussing the role played by Rural Housing Enablers. Describes the need for affordable housing in rural areas where locals are being forced out by high house prices which in turn destroys the local economy and rural infrastructure. Looks at case studies in Kent, Gloucestershire and Nottinghamshire. Concludes with a look at the balance between providing affordable homes and the use of green belt; the CPRE advocates building where possible on brownfield sites and only as required rather than just building homes for the private market.
590 ## - LOCAL NOTE (RLIN)
Local note ABS
650 ## - SUBJECT ADDED ENTRY--TOPICAL TERM
Topical term or geographic name entry element RURAL COMMUNITIES
650 ## - SUBJECT ADDED ENTRY--TOPICAL TERM
Topical term or geographic name entry element RURAL ECONOMY
650 ## - SUBJECT ADDED ENTRY--TOPICAL TERM
Topical term or geographic name entry element VILLAGES
690 ## - LOCAL SUBJECT ADDED ENTRY--TOPICAL TERM (OCLC, RLIN)
Topical term or geographic name as entry element Rural
9 (RLIN) 6268
942 ## - ADDED ENTRY ELEMENTS (KOHA)
Suppress in OPAC 0
Holdings
Withdrawn status Lost status Source of classification or shelving scheme Damaged status Not for loan Home library Current library Shelving location Date acquired Total Checkouts Barcode Date last seen Copy number Price effective from Koha item type
    Dewey Decimal Classification     London London Journal article 01/07/2003   122843-1001 06/08/2019 1 06/08/2019 Journal article